000 00524nam a2200205Ia 4500
005 20241216010836.0
008 190212s9999||||xx |||||||||||||| ||und||
082 _a613.03
_bD36
100 _aDE LA CANAL JULIO
245 0 _aDICCIONARIO DE SINONIMOS E IDEAS AFINES
250 _a0
260 _aMEXICO
_bCONTINENTAL S.A.
_c1981
300 _a362 pag
_c22.5 cm
341 _h0
490 _v0
_a0
505 _aSININIMOS-ANTONIMO A-Z
541 _aC
_d27-Oct-99
_oSoles
650 _aCIENCIAS APLICADAS
942 _cLIBRO
999 _c25529
_d25529